000 00373pab a2200145 454500
008 180718b1983 xxu||||| |||| 00| 0 eng d
100 _aRabby, Rami
245 _aEmployment of the disabled in large corporations
260 _c1983
300 _a23-36
362 _aJan.-Feb.
650 _aHandicapped - Employment
773 _aInternational Labour Review
909 _a9606
999 _c9606
_d9606